000 00314nam a2200133Ia 4500
082 _a612
_bT99H
100 _aTANDAN,H.C.
245 _aTEXT BOOK OF PHYSIOLOGY FOR DENTAL STUDENTS
250 _a4TH
260 _bJAYPEE MEDICAL PUBLISHER
_aDELHI
_c1999
300 _a1-252
650 _aPHYSIOLOGY
942 _2ddc
_cBK
999 _c2485
_d2485